| 000 | 01213nam a2200301 c 4500 | ||
|---|---|---|---|
| 003 | BLK | ||
| 005 | 20180422112439.0 | ||
| 008 | 180409b bul|||||r ||||||| ||bul|| | ||
| 010 | _aKNG00149184000 | ||
| 040 | _aBLK | ||
| 041 |
_aBUL _cBUL |
||
| 080 |
_aБългарска литература _b821.163.2 _x-93-34 _z821.163.2-93-34 |
||
| 100 | 1 |
_aЦончев, Дончо Стефанов _eпърви автор _9367144 |
|
| 700 | 1 |
_aБояджиев, Гриша _eхудож. _9379346 |
|
| 700 | 1 |
_aБояджиев, Григор _e* _9379452 |
|
| 139 |
_aЦончев, Дончо Стефанов _bЦ 85 |
||
| 245 | 1 | 0 |
_aБисерчето _bПриказка за нач. училищна възраст _cДончо Стефанов Цончев; худож. Гриша Бояджиев; * Григор Бояджиев. |
| 257 | _aBGR | ||
| 260 |
_аСофия _bБълг. художник _c1980 |
||
| 300 |
_a16 с. _bс ил. _c32 см |
||
| 380 | _aDX | ||
| 500 | _a50 110 тир. | ||
| 852 | _aЦб ІІ 18641 | ||
| 856 | 4 |
_qpdf _u |
|
| 856 | 4 |
_qpdf _u |
|
| 942 |
_cKNG _n0 |
||
| 944 |
_aCR _c09.08.2013 _l09.08.2013 - от С1,Р / 09.08.2013 _kСерджан_Ахмедов |
||
| 944 |
_aED _c09.08.2013 _l09.08.2013 - от С1,Р / 09.08.2013 _k |
||
| 999 |
_c143079 _d143079 |
||